00222nam a2200097Ia 4500008004100000041000800041082001100049100001900060245001900079260002600098231212s1980 xx 000 0 und d aeng a621.31 aStepaneko I.P. aFundamental of aMascowbMir Pubc1980